Statistics for Flags of Founding Member States of the League of Nations

Click here to take the quiz!

General Stats

  • This quiz has been taken 102 times
  • The average score is 37 of 42

Answer Stats

Answer% Correct
United Kingdom
100%
Belgium
99%
Japan
99%
Netherlands
99%
Portugal
99%
Spain
99%
Switzerland
99%
France
98%
Italy
98%
Denmark
97%
Norway
97%
Sweden
97%
Poland
96%
Siam
94%
Australia
92%
Chile
92%
New Zealand
92%
Colombia
91%
Cuba
91%
Brazil
90%
Panama
90%
Romania
90%
Venezuela
90%
Argentina
89%
Uruguay
88%
Greece
87%
Paraguay
87%
Honduras
86%
Peru
86%
Canada
84%
Liberia
84%
Haiti
83%
El Salvador
82%
Nicaragua
82%
Guatemala
81%
Bolivia
80%
China
79%
India
73%
Serbs, Croats and Slovenes
68%
Persia
67%
South Africa
67%
Czechoslovakia
30%

Score Distribution

Percentile by Number Answered

Percent of People with Each Score

Your Score History

You have not taken this quiz